| 000 | 00375 a2200133 4500 | ||
|---|---|---|---|
| 001 | 88562 | ||
| 082 | _a627.137 AKR | ||
| 090 |
_c41908 _d41908 |
||
| 100 | _aSaeed Akram Malik | ||
| 245 | _aComputational analysis of weapon trajectory in the vicinity of submersible launch vehicle | ||
| 260 |
_aRawalpindi _bNUST _c2006 |
||
| 300 |
_axiv, 73 p. _bHb |
||
| 500 | _aMS thesis | ||
| 942 |
_aCAE NUST _k627.137 AKR |
||
| 999 |
_c323635 _d323635 |
||